[Event "?"]
[Site "?"]
[Date "????.??.??"]
[Round "?"]
[White "Habershon, P."]
[Black "Haase, W."]
[Result "1/2-1/2"]
[WhiteElo "2092"]
[BlackElo "2120"]
[PlyCount "46"]
[EventDate "2013.??.??"]
[WhiteTeam "England 3"]
[BlackTeam "Hessen 2"]

1. c4 e5 2. Nc3 Nf6 3. Nf3 Nc6 4. g3 d5 5. cxd5 Nxd5 6. Bg2 Nb6 7. O-O Be7 8.
d3 O-O 9. a3 Be6 10. b4 a5 11. b5 Nd4 12. Rb1 Nd5 13. Nxd5 Nxf3+ 14. Bxf3 Bxd5
15. Bxd5 Qxd5 16. a4 Rad8 17. Qb3 e4 18. dxe4 Qxe4 19. Be3 Rd7 20. Rfd1 Rdd8
21. Rd7 Rxd7 22. Rd1 Qe6 23. Qc2 Rxd1+ 1/2-1/2

[Event "?"]
[Site "?"]
[Date "????.??.??"]
[Round "?"]
[White "Thieme, H."]
[Black "Reuben, S."]
[Result "1-0"]
[WhiteElo "2084"]
[BlackElo "2069"]
[PlyCount "33"]
[EventDate "2013.??.??"]
[WhiteTeam "Hessen 2"]
[BlackTeam "England 3"]

1. e4 c5 2. Nf3 g6 3. d4 Bg7 4. dxc5 Qa5+ 5. c3 Qxc5 6. Na3 Nf6 7. Nb5 Na6 8.
e5 Ng4 9. Qd4 d6 10. Qxc5 dxc5 11. Bf4 h5 12. Bc4 O-O 13. h3 Nh6 14. O-O-O Nf5
15. Rhe1 Rb8 16. e6 Nc7 17. Nxc7 1-0

[Event "?"]
[Site "?"]
[Date "????.??.??"]
[Round "?"]
[White "Schwertel, J."]
[Black "Perk, E."]
[Result "1/2-1/2"]
[WhiteElo "2010"]
[BlackElo "2008"]
[PlyCount "62"]
[EventDate "2013.??.??"]
[WhiteTeam "Rheno Palatinat"]
[BlackTeam "Widukind 2"]

1. d4 Nf6 2. Nf3 g6 3. Nbd2 Bg7 4. c3 d6 5. e4 c5 6. dxc5 dxc5 7. Bb5+ Bd7 8.
Qe2 a6 9. Bxd7+ Nbxd7 10. O-O Ng4 11. h3 Nge5 12. Nxe5 Nxe5 13. Nc4 Nxc4 14.
Qxc4 Rc8 15. Be3 O-O 16. Rad1 Qe8 17. Rd5 b5 18. Qd3 c4 19. Qd2 Qc6 20. f3 e6
21. Rd6 Qa8 22. Rd1 Bf6 23. Bd4 Bxd4+ 24. Qxd4 Rc6 25. Rd7 Qc8 26. Qf6 Qb8 27.
Kf1 Qb6 28. a3 a5 29. h4 h5 30. f4 Rc7 31. R1d4 g5 1/2-1/2

[Event "?"]
[Site "?"]
[Date "????.??.??"]
[Round "?"]
[White "Pusch, H."]
[Black "Hentzschel, E."]
[Result "1-0"]
[WhiteElo "2139"]
[BlackElo "1903"]
[PlyCount "165"]
[EventDate "2013.??.??"]
[WhiteTeam "Rheno Palatinat"]
[BlackTeam "Widukind 2"]

1. e4 e5 2. Nf3 d6 3. d4 exd4 4. Nxd4 Be7 5. Nc3 c6 6. Be2 Nf6 7. O-O O-O 8.
Re1 c5 9. Nf3 Nc6 10. Bf4 Be6 11. h3 d5 12. exd5 Nxd5 13. Nxd5 Qxd5 14. Bb5
Rad8 15. Qxd5 Rxd5 16. Bc4 Rf5 17. Bxe6 Rxf4 18. Bd5 Bf6 19. c3 Nd8 20. Rad1
Ra4 21. Nd2 Ra6 22. Ne4 Be7 23. Re2 b5 24. Ng3 Bf6 25. Nf5 Ne6 26. g3 c4 27. a3
Rb6 28. Bxe6 fxe6 29. Ne3 Re8 30. Nd5 Rb7 31. Rde1 Kf7 32. f4 Rd7 33. Ne3 Red8
34. Ng4 Rd6 35. Nf2 Rd2 36. Ne4 Rxe2 37. Rxe2 Rd5 38. Kg2 h6 39. g4 Be7 40. Kf3
a6 41. Rd2 g5 42. f5 Rxd2 43. fxe6+ Kxe6 44. Nxd2 Ke5 45. a4 Kd5 46. axb5 axb5
47. Ne4 Ke5 48. Ng3 b4 49. Nf5 bxc3 50. bxc3 Bf8 51. Ne3 Bg7 52. Nxc4+ Ke6 53.
Ne3 Bxc3 54. Nf5 Bd2 55. Nxh6 Ke5 56. Nf5 Bc1 57. Ng3 Ba3 58. Ne4 Be7 59. Nf2
Bd8 60. Nd3+ Kd4 61. Nb4 Bb6 62. Nc6+ Kd5 63. Ne7+ Ke6 64. Nf5 Ke5 65. Nh6 Ba5
66. Nf7+ Kf6 67. Nd6 Ke6 68. Nc4 Bd8 69. Ke4 Bc7 70. Ne3 Ba5 71. Nf5 Bd2 72.
Nd4+ Kf6 73. Kd5 Bc1 74. Ne2 Bd2 75. Ng3 Bc1 76. Ne2 Bd2 77. Ng3 Bc1 78. Ne4+
Kg6 79. Ke6 Bf4 80. Nd6 Bc1 81. Nc4 Bf4 82. Ne5+ Kh6 83. Kf6 1-0

[Event "?"]
[Site "?"]
[Date "????.??.??"]
[Round "?"]
[White "Ruehle, H."]
[Black "Denda, R."]
[Result "1-0"]
[WhiteElo "1638"]
[BlackElo "2020"]
[PlyCount "75"]
[EventDate "2013.??.??"]
[WhiteTeam "Widukind 2"]
[BlackTeam "Rheno Palatinat"]

1. d4 d5 2. Nf3 Nf6 3. c4 e6 4. e3 c6 5. Nbd2 Bd6 6. Bd3 Nbd7 7. O-O O-O 8. Qc2
Re8 9. Rd1 h6 10. e4 dxe4 11. Bxe4 Nxe4 12. Nxe4 Nf6 13. Be3 Ng4 14. Rac1 f5
15. Nc3 Qc7 16. h3 Nf6 17. Nh4 g5 18. Nf3 Kg7 19. Re1 Bd7 20. a3 g4 21. Ne5
Bxe5 22. dxe5 Ng8 23. hxg4 fxg4 24. Qe4 Re7 25. Bc5 Rf7 26. Qxg4+ Kh8 27. Re3
Rg7 28. Qh3 Qd8 29. Ne4 b6 30. Bd6 Qe8 31. Rcc3 Qg6 32. Re2 Ne7 33. Bxe7 Rxe7
34. Rg3 Qf5 35. Qxh6+ Rh7 36. Qf6+ Qxf6 37. Nxf6 Rf7 38. Re4 1-0

[Event "?"]
[Site "?"]
[Date "????.??.??"]
[Round "?"]
[White "Palmo, P."]
[Black "Hampel, J."]
[Result "0-1"]
[WhiteElo "2036"]
[BlackElo "2137"]
[PlyCount "52"]
[EventDate "2013.??.??"]
[WhiteTeam "Turku"]
[BlackTeam "Dresdner Springer"]

1. e4 e6 2. d4 d5 3. Nd2 c5 4. Ngf3 Nc6 5. exd5 exd5 6. Bb5 Bd6 7. dxc5 Bxc5 8.
O-O Nge7 9. Nb3 Bd6 10. c4 dxc4 11. Bxc4 O-O 12. Bg5 Qc7 13. Rc1 Bg4 14. h3 Bh5
15. Be2 Bf4 16. Bxf4 Qxf4 17. Rc4 Qf6 18. Qc1 Rac8 19. Nc5 Bxf3 20. gxf3 Nd4
21. Re1 Nd5 22. Ne4 Qg6+ 23. Kh2 Nxe2 24. Rxe2 Rxc4 25. Qxc4 Nf4 26. Ng3 Qh6
0-1

[Event "?"]
[Site "?"]
[Date "????.??.??"]
[Round "?"]
[White "Wendrich, F."]
[Black "Alkkiomäki, J."]
[Result "0-1"]
[WhiteElo "1958"]
[BlackElo "1977"]
[PlyCount "50"]
[EventDate "2013.??.??"]
[WhiteTeam "Dresdner Springer"]
[BlackTeam "Turku"]

1. d4 d5 2. c4 e6 3. cxd5 exd5 4. Nc3 Nf6 5. Bg5 Be7 6. Nf3 Nbd7 7. Qc2 O-O 8.
e3 Re8 9. Bd3 Nf8 10. h3 c6 11. O-O g6 12. a3 a5 13. Bxf6 Bxf6 14. b4 Ne6 15.
Rfd1 axb4 16. axb4 Rxa1 17. Rxa1 Qe7 18. b5 Qd6 19. bxc6 bxc6 20. Ra4 c5 21. e4
Nxd4 22. Nxd4 Bxd4 23. Nb5 Qe5 24. exd5 Qe1+ 25. Kh2 Bxf2 0-1

[Event "?"]
[Site "?"]
[Date "????.??.??"]
[Round "?"]
[White "Ranki, M."]
[Black "Schwier, M."]
[Result "1/2-1/2"]
[WhiteElo "1925"]
[BlackElo "2103"]
[PlyCount "39"]
[EventDate "2013.??.??"]
[WhiteTeam "Turku"]
[BlackTeam "Dresdner Springer"]

1. e4 d5 2. exd5 Qxd5 3. d4 e6 4. Nf3 Nf6 5. Bd3 Qh5 6. Nc3 c6 7. Ne5 Qxd1+ 8.
Nxd1 Bd6 9. f4 Nbd7 10. O-O O-O 11. Ne3 Nd5 12. N3c4 Bc7 13. c3 f6 14. Nxd7
Bxd7 15. g3 a5 16. a4 Rfb8 17. Ne3 Bb6 18. Rf3 Re8 19. Bd2 e5 20. Nc4 1/2-1/2

[Event "?"]
[Site "?"]
[Date "????.??.??"]
[Round "?"]
[White "Mückan, F."]
[Black "Rantanen, V."]
[Result "1/2-1/2"]
[WhiteElo "2042"]
[BlackElo "1917"]
[PlyCount "99"]
[EventDate "2013.??.??"]
[WhiteTeam "Dresdner Springer"]
[BlackTeam "Turku"]

1. e4 e6 2. d4 d5 3. Nc3 Nf6 4. Bg5 Be7 5. e5 Nfd7 6. Bxe7 Qxe7 7. Nf3 a6 8. g3
c5 9. dxc5 Qxc5 10. Bg2 Nc6 11. O-O O-O 12. Re1 b5 13. a3 Bb7 14. Qd2 Rac8 15.
Rac1 Nb6 16. Qf4 Nc4 17. Nd1 Ne7 18. Qd4 Ng6 19. Qc3 Rfd8 20. Qd3 h6 21. c3 Qc7
22. Qe2 Qb6 23. Ra1 a5 24. b3 Nxa3 25. Rxa3 b4 26. cxb4 Qxb4 27. Ra4 Qb6 28. h4
d4 29. h5 Ne7 30. Qd3 Ba6 31. Qb1 d3 32. Nd2 Rc2 33. Ra2 Rdc8 34. Ne3 R2c3 35.
Rb2 Qd4 36. Nf3 Qb4 37. Rd1 Nd5 38. Nxd5 exd5 39. Nd2 Qd4 40. Nf3 Qb4 41. Nd2
Rc2 42. Nf1 Qd4 43. Rd2 Rc1 44. Qa2 R8c5 45. b4 Bc4 46. Qa4 Rb5 47. Qa3 Rc3 48.
Qa4 Rc1 49. Kh2 Qxe5 50. f4 1/2-1/2

[Event "?"]
[Site "?"]
[Date "????.??.??"]
[Round "?"]
[White "Auvinen, E."]
[Black "Nordby, B."]
[Result "1/2-1/2"]
[WhiteElo "1956"]
[BlackElo "2097"]
[PlyCount "123"]
[EventDate "2013.??.??"]
[WhiteTeam "Helsinki"]
[BlackTeam "Blindern Oldtimers"]

1. e4 e6 2. d4 d5 3. Nc3 Bb4 4. e5 Qd7 5. Nf3 b6 6. a3 Bxc3+ 7. bxc3 Ba6 8.
Bxa6 Nxa6 9. a4 Nb8 10. O-O Nc6 11. Ba3 Na5 12. Nd2 Ne7 13. Bb4 Nc4 14. Nxc4
dxc4 15. Bxe7 Kxe7 16. Qe2 Qd5 17. Rfb1 a5 18. Rb5 Qc6 19. f4 g6 20. Kf2 h5 21.
h4 Rhd8 22. Qf3 Qxf3+ 23. Kxf3 Rd7 24. Ke4 Rad8 25. Rd1 Rd5 26. Rb2 Kd7 27.
Rdb1 Kc6 28. g3 Kb7 29. Ke3 Ka6 30. Ke4 Rb8 31. Kf3 Rdd8 32. Ke4 c6 33. Kf3 Rb7
34. Ra2 Ra8 35. Rba1 Rba7 36. Ke4 Kb7 37. Ra3 Kc7 38. R3a2 Ra6 39. Ra3 Rd8 40.
R3a2 Rd5 41. Ra3 Rd8 42. Rd1 b5 43. axb5 cxb5 44. d5 Rxd5 45. Rxd5 exd5+ 46.
Kxd5 Kb6 47. Ra1 Ra7 48. e6 fxe6+ 49. Kxe6 Kc5 50. f5 gxf5 51. Kxf5 Rg7 52. Kf4
Kb6 53. Re1 b4 54. Re6+ Kb5 55. Re5+ Ka4 56. cxb4 axb4 57. Rxh5 Rf7+ 58. Ke3
Rd7 59. Kf3 Rf7+ 60. Ke3 Re7+ 61. Kf3 Rf7+ 62. Ke3 1/2-1/2

[Event "?"]
[Site "?"]
[Date "????.??.??"]
[Round "?"]
[White "Fossum, W."]
[Black "Patola, E."]
[Result "1-0"]
[WhiteElo "1994"]
[BlackElo "1947"]
[PlyCount "85"]
[EventDate "2013.??.??"]
[WhiteTeam "Blindern Oldtimers"]
[BlackTeam "Helsinki"]

1. f4 f5 2. Nf3 Nf6 3. g3 g6 4. Bg2 Bg7 5. O-O O-O 6. d3 d6 7. Nc3 c6 8. e3 Na6
9. Qe2 Nc7 10. e4 Qe8 11. e5 Nfd5 12. Bd2 h6 13. Rae1 Bd7 14. Nxd5 Nxd5 15. c4
Nc7 16. Bc3 Rb8 17. b4 b5 18. Qb2 Qf7 19. exd6 Bxc3 20. Qxc3 exd6 21. Qd4 bxc4
22. dxc4 Ne8 23. Qxa7 Rxb4 24. c5 Re4 25. cxd6 Be6 26. Qxf7+ Bxf7 27. Ne5 Rxe1
28. Rxe1 Nxd6 29. Nxf7 Kxf7 30. Bxc6 Rd8 31. a4 Nc4 32. Bb5 Nd2 33. Rc1 Rd6 34.
a5 Nf3+ 35. Kg2 Nd4 36. Rc7+ Kf6 37. Bc4 Ne6 38. Rb7 g5 39. fxg5+ hxg5 40. a6
Nc5 41. a7 Rd2+ 42. Kf3 Nd3 43. Ke3 1-0

[Event "?"]
[Site "?"]
[Date "????.??.??"]
[Round "?"]
[White "Lyly, S."]
[Black "Mundal, A."]
[Result "0-1"]
[WhiteElo "1893"]
[BlackElo "1937"]
[PlyCount "80"]
[EventDate "2013.??.??"]
[WhiteTeam "Helsinki"]
[BlackTeam "Blindern Oldtimers"]

1. e4 e6 2. d3 b6 3. Nd2 Bb7 4. Ngf3 c5 5. g3 d5 6. e5 Nc6 7. Bg2 Nge7 8. O-O
Ng6 9. Re1 Qc7 10. Qe2 Be7 11. h4 O-O-O 12. h5 Nf8 13. Nf1 Nd7 14. Bf4 Rdf8 15.
c3 g5 16. hxg6 hxg6 17. Qd2 Rh5 18. g4 Rh7 19. g5 Rfh8 20. Ne3 Bf8 21. Nxd5
exd5 22. e6 Bd6 23. exd7+ Kxd7 24. Bxd6 Qxd6 25. d4 Nd8 26. Ne5+ Kc7 27. Re3
Ne6 28. Rf3 Qe7 29. Rf6 Kb8 30. Qe3 Qc7 31. Rd1 Re8 32. Qg3 Ka8 33. f4 cxd4 34.
cxd4 Qc2 35. Qd3 Qxb2 36. Nxf7 Rh4 37. Qg3 Qe2 38. Re1 Nxf4 39. Rxf4 Qxe1+ 40.
Qxe1 Rxe1+ 0-1

[Event "?"]
[Site "?"]
[Date "????.??.??"]
[Round "?"]
[White "Schutze, H."]
[Black "Bernhardsson, S."]
[Result "0-1"]
[WhiteElo "2070"]
[BlackElo "2084"]
[PlyCount "82"]
[EventDate "2013.??.??"]
[WhiteTeam "Dänemark 2"]
[BlackTeam "Schweden 3"]

1. Nf3 d5 2. d4 Nf6 3. e3 e6 4. c4 Be7 5. Bd3 dxc4 6. Bxc4 O-O 7. O-O a6 8. a3
b5 9. Bd3 c5 10. dxc5 Bxc5 11. b4 Bb6 12. Bb2 Bb7 13. Qe2 Nc6 14. Rd1 Qe7 15.
Nc3 Rfd8 16. Rd2 Rac8 17. Rad1 Bc7 18. h3 Ne5 19. Nxe5 Bxe5 20. Rc2 Bb8 21. Nb1
Rxc2 22. Bxc2 Rc8 23. Bb3 Qc7 24. f4 Ba7 25. Nd2 Qxf4 26. Nf1 Nd5 27. Rd3 Qg5
28. Kh1 h6 29. Qd2 Bb6 30. e4 Qxd2 31. Nxd2 Nf4 32. Rd7 Bc6 33. Rd6 Be3 34. Nf1
Ba7 35. Be5 Nxh3 36. gxh3 Bxe4+ 37. Kh2 Bb8 38. Nd2 Bxd6 39. Bxd6 Bf5 40. Bg3
Bc2 41. Ba2 Rc3 0-1

[Event "?"]
[Site "?"]
[Date "????.??.??"]
[Round "?"]
[White "Andersson, G."]
[Black "Poulsen, H."]
[Result "1-0"]
[WhiteElo "2073"]
[BlackElo "1853"]
[PlyCount "125"]
[EventDate "2013.??.??"]
[WhiteTeam "Schweden 3"]
[BlackTeam "Dänemark 2"]

1. e4 c6 2. c4 d5 3. exd5 cxd5 4. cxd5 Nf6 5. Qa4+ Bd7 6. Qb3 Qb6 7. Qxb6 axb6
8. Nc3 Na6 9. Nf3 Nb4 10. Nd4 Nfxd5 11. Bc4 Nc7 12. O-O e6 13. a3 Ra5 14. Rb1
Nc6 15. Ndb5 Nxb5 16. Bxb5 Nd4 17. Bxd7+ Kxd7 18. d3 Nb3 19. Be3 b5 20. Ne4 Be7
21. Nd2 Nxd2 22. Bxd2 Ra6 23. Rfc1 Rc6 24. Kf1 Rhc8 25. Rxc6 Rxc6 26. Ke2 Bf6
27. Kd1 Bd4 28. Be3 Be5 29. g3 f5 30. Kd2 Kd6 31. d4 Bf6 32. Kd3 Kd5 33. h4 Rc4
34. b3 Rc6 35. Rb2 Ra6 36. a4 Rb6 37. Rc2 bxa4 38. Rc5+ Kd6 39. bxa4 Ra6 40.
Bf4+ Kd7 41. Rc7+ Kd8 42. Rxb7 Rxa4 43. Be5 Ra3+ 44. Kc4 Bxe5 45. dxe5 Rf3 46.
Rxg7 Rxf2 47. Rxh7 f4 48. gxf4 Rxf4+ 49. Kc5 Ke8 50. Kd6 Kf8 51. Kxe6 Kg8 52.
Rh5 Kg7 53. Ke7 Kg6 54. Rg5+ Kh6 55. e6 Rxh4 56. Rg1 Re4 57. Kf7 Rf4+ 58. Ke8
Kh7 59. e7 Re4 60. Rd1 Kg7 61. Kd7 Kf7 62. Rf1+ Kg7 63. e8=Q 1-0

[Event "?"]
[Site "?"]
[Date "????.??.??"]
[Round "?"]
[White "Thygesen, E."]
[Black "Danielsson, R."]
[Result "0-1"]
[WhiteElo "2105"]
[BlackElo "2071"]
[PlyCount "74"]
[EventDate "2013.??.??"]
[WhiteTeam "Dänemark 2"]
[BlackTeam "Schweden 3"]

1. d4 Nf6 2. c4 g6 3. Nc3 d5 4. Nf3 Bg7 5. e3 O-O 6. Bd3 c5 7. O-O cxd4 8. exd4
Nc6 9. Be3 b6 10. cxd5 Nb4 11. Ne5 Nbxd5 12. Bc4 Bb7 13. Qb3 h6 14. Rac1 e6 15.
Qc2 Rc8 16. Bd3 Nb4 17. Qd2 Nxd3 18. Qxd3 Qe7 19. h4 Rfd8 20. Qe2 Kh7 21. g4
Nd7 22. g5 Nxe5 23. dxe5 Bxe5 24. f4 Bg7 25. h5 Qd6 26. hxg6+ fxg6 27. gxh6 Bd4
28. Rcd1 Bxe3+ 29. Qxe3 Qc6 30. Qg3 Qc5+ 31. Kh2 Qf5 32. Qg5 Rxd1 33. Rxd1 Rc7
34. Qd8 Qxf4+ 35. Kg1 Qg3+ 36. Kf1 Rf7+ 37. Ke2 Rf2+ 0-1

[Event "?"]
[Site "?"]
[Date "????.??.??"]
[Round "?"]
[White "Eichner, C."]
[Black "Ehlert, J."]
[Result "1/2-1/2"]
[WhiteElo "2086"]
[BlackElo "1984"]
[PlyCount "39"]
[EventDate "2013.??.??"]
[WhiteTeam "SV TUR Dresden"]
[BlackTeam "BSW/DBAG 4"]

1. e4 c5 2. Nf3 e6 3. c3 Nf6 4. e5 Nd5 5. Bc4 Nb6 6. Bb3 d6 7. d4 dxe5 8. dxe5
Qxd1+ 9. Bxd1 g6 10. O-O Bg7 11. a4 Nc6 12. Re1 Nd7 13. Bf4 h6 14. Na3 g5 15.
Bg3 g4 16. Nb5 O-O 17. Nd2 Ncxe5 18. Nc7 Rb8 19. f3 Rd8 20. Re2 1/2-1/2

[Event "?"]
[Site "?"]
[Date "????.??.??"]
[Round "?"]
[White "Warnke, E."]
[Black "Seibt, M."]
[Result "1/2-1/2"]
[WhiteElo "1848"]
[BlackElo "2011"]
[PlyCount "57"]
[EventDate "2013.??.??"]
[WhiteTeam "BSW/DBAG 4"]
[BlackTeam "SV TUR Dresden"]

1. Nf3 Nf6 2. d4 g6 3. e3 Bg7 4. Bd3 O-O 5. O-O d6 6. h3 Nbd7 7. c3 c5 8. Nbd2
Rb8 9. a4 b6 10. Re1 e5 11. dxe5 dxe5 12. Qc2 Qe7 13. e4 Bb7 14. Nc4 a6 15. Na3
Bc6 16. Bg5 b5 17. axb5 axb5 18. c4 b4 19. Nb5 Bxb5 20. cxb5 Ra8 21. Ra6 Rxa6
22. bxa6 Ra8 23. Ra1 Ra7 24. Be3 Bf8 25. Bb5 Nb8 26. Qc4 Kg7 27. Nd2 Qc7 28.
Nb3 Nbd7 29. Rc1 1/2-1/2

[Event "?"]
[Site "?"]
[Date "????.??.??"]
[Round "?"]
[White "Sobeck, G."]
[Black "Kempe, R."]
[Result "1-0"]
[WhiteElo "2096"]
[BlackElo "1885"]
[PlyCount "51"]
[EventDate "2013.??.??"]
[WhiteTeam "USG Chemnitz"]
[BlackTeam "VS Seniorenschachklub DD"]

1. e4 c5 2. Nf3 d6 3. b3 Nc6 4. Bb2 e5 5. Bb5 Bd7 6. O-O Nf6 7. Re1 Be7 8. c3
O-O 9. d4 exd4 10. cxd4 Nxd4 11. Nxd4 cxd4 12. Bxd7 Nxd7 13. Bxd4 Bf6 14. Nc3
Ne5 15. Nd5 Re8 16. Rc1 Nc6 17. Bxf6 gxf6 18. Qg4+ Kh8 19. Qh4 Re6 20. Qh5 Kg7
21. f4 Rc8 22. Rc3 Qh8 23. Rg3+ Kf8 24. f5 Re5 25. Qh6+ Ke8 26. Rg7 1-0

[Event "?"]
[Site "?"]
[Date "????.??.??"]
[Round "?"]
[White "Bisse, V."]
[Black "Wuensch, U."]
[Result "0-1"]
[WhiteElo "1967"]
[BlackElo "2092"]
[PlyCount "119"]
[EventDate "2013.??.??"]
[WhiteTeam "VS Seniorenschachklub DD"]
[BlackTeam "USG Chemnitz"]

1. e4 c5 2. Nf3 Nc6 3. d4 cxd4 4. Nxd4 g6 5. Nc3 Bg7 6. Be3 Nf6 7. Be2 O-O 8.
Qd2 d5 9. exd5 Nxd5 10. Nxd5 Qxd5 11. Bf3 Qc4 12. Be2 Qb4 13. Nxc6 Qxd2+ 14.
Bxd2 bxc6 15. O-O-O Be6 16. a3 Rab8 17. Bc3 Bxc3 18. bxc3 Rfd8 19. Rxd8+ Rxd8
20. Rd1 Rxd1+ 21. Kxd1 Kg7 22. Kd2 Kf6 23. Ke3 Ke5 24. c4 Kd6 25. Kd4 c5+ 26.
Kc3 Bd7 27. f4 h6 28. h4 f6 29. g3 e5 30. Kd2 exf4 31. gxf4 g5 32. hxg5 hxg5
33. Ke3 Be6 34. fxg5 fxg5 35. Ke4 Bh3 36. c3 Ke6 37. Bh5 Bf5+ 38. Ke3 Ke7 39.
Bf3 Be6 40. Be2 Bh3 41. Bf3 Bd7 42. Bg2 Bc8 43. Bf3 Ba6 44. Bd5 Bc8 45. Bg2 Bf5
46. Bf3 Bc2 47. Bg2 g4 48. Bc6 Bd1 49. Bb7 Bc2 50. Bg2 Bf5 51. Bd5 Bc8 52. Bg2
Bd7 53. Bd5 Ba4 54. Bb7 Bc2 55. Bc6 Bd1 56. Bg2 Kf8 57. Bc6 Bc2 58. Bg2 Bg6 59.
Bd5 Kg7 60. Bc6 0-1

[Event "?"]
[Site "?"]
[Date "????.??.??"]
[Round "?"]
[White "Staudte, R."]
[Black "Guenther, E."]
[Result "1/2-1/2"]
[WhiteElo "1919"]
[BlackElo "2032"]
[PlyCount "120"]
[EventDate "2013.??.??"]
[WhiteTeam "USG Chemnitz"]
[BlackTeam "VS Seniorenschachklub DD"]

1. d4 Nf6 2. c4 e5 3. dxe5 Ng4 4. Bf4 Nc6 5. Nf3 Bb4+ 6. Nc3 Qe7 7. e3 Bxc3+ 8.
bxc3 Ngxe5 9. Nxe5 Nxe5 10. Be2 d6 11. O-O O-O 12. Qa4 Bd7 13. Qb4 Bc6 14. Rfd1
Kh8 15. Rd2 f5 16. Bxe5 Qxe5 17. Bf3 f4 18. Re2 Bxf3 19. gxf3 Rf6 20. Qxb7 Raf8
21. Kh1 Rh6 22. Rg1 fxe3 23. Rg2 exf2 24. Rgxf2 Qxc3 25. Qe4 Rhf6 26. Re3 Qa5
27. h3 h6 28. Qd5 Qb6 29. Rfe2 Rf5 30. Qe4 Qc5 31. Qd3 Qc6 32. Rf2 Rf4 33. Kg2
Rxc4 34. Re7 Rc5 35. h4 Rcf5 36. Qd4 R5f6 37. Qg4 R6f7 38. Rxf7 Rxf7 39. Rb2
Qd5 40. h5 Qg5 41. Qxg5 hxg5 42. Rb7 Kh7 43. Kg3 Kh6 44. Kg4 Rf4+ 45. Kg3 Rc4
46. Rxa7 d5 47. a4 d4 48. a5 d3 49. Kf2 Kxh5 50. Ke3 g4 51. fxg4+ Kxg4 52. Kxd3
Rc1 53. a6 g5 54. Rb7 Rb1 55. a7 c6 56. Ke2 Kg3 57. Rc7 g4 58. Rh7 Kg2 59. Rc7
g3 60. Rg7 c5 1/2-1/2

[Event "?"]
[Site "?"]
[Date "????.??.??"]
[Round "?"]
[White "Hesse, M."]
[Black "Pfeiffer, A."]
[Result "0-1"]
[WhiteElo "2014"]
[BlackElo "2077"]
[PlyCount "54"]
[EventDate "2013.??.??"]
[WhiteTeam "VS Seniorenschachklub DD"]
[BlackTeam "USG Chemnitz"]

1. c4 c5 2. Nc3 g6 3. g3 Bg7 4. Bg2 Nc6 5. e3 e6 6. Nge2 Nge7 7. O-O Nf5 8. d3
d6 9. a3 O-O 10. Rb1 a5 11. Qc2 h5 12. Na2 Qb6 13. Bd2 Qa6 14. Nec3 Bd7 15. Nb5
Rfc8 16. Nac3 Ne5 17. h3 Bc6 18. e4 Nd4 19. Nxd4 cxd4 20. Ne2 b5 21. f4 bxc4
22. Nxd4 Nxd3 23. Be3 Rab8 24. Rfd1 Nc5 25. Ne2 Ba4 26. Qc1 Bxd1 27. Qxd1 Rxb2
0-1

[Event "?"]
[Site "?"]
[Date "????.??.??"]
[Round "?"]
[White "Andersson, S."]
[Black "Werchan, H."]
[Result "1/2-1/2"]
[WhiteElo "1987"]
[BlackElo "2141"]
[PlyCount "61"]
[EventDate "2013.??.??"]
[WhiteTeam "Schweden 4"]
[BlackTeam "Ottonen Magdeburg"]

1. d4 Nf6 2. Nf3 c5 3. d5 e6 4. c4 b5 5. dxe6 fxe6 6. cxb5 d5 7. g3 Be7 8. Bg2
O-O 9. O-O a6 10. bxa6 Nc6 11. Bf4 Qb6 12. Nbd2 Rxa6 13. Qb3 Qa7 14. a3 Bd7 15.
Bh3 Kh8 16. e3 e5 17. Bxd7 Nxd7 18. Bg5 e4 19. Bxe7 Nxe7 20. Ng5 h6 21. Nh3 Ne5
22. Nf4 Rb8 23. Qc2 g5 24. Nxd5 Nxd5 25. Qxe4 Qe7 26. Qxd5 Rd8 27. Qe4 Rxd2 28.
Rad1 Rxd1 29. Rxd1 Re6 30. Qa8+ Kg7 31. Rd8 1/2-1/2

[Event "?"]
[Site "?"]
[Date "????.??.??"]
[Round "?"]
[White "Bondick, K."]
[Black "Sandklef, A."]
[Result "1-0"]
[WhiteElo "2082"]
[BlackElo "1975"]
[PlyCount "93"]
[EventDate "2013.??.??"]
[WhiteTeam "Ottonen Magdeburg"]
[BlackTeam "Schweden 4"]

1. d4 d5 2. e4 e6 3. Be3 dxe4 4. Nd2 Nf6 5. f3 Nc6 6. Bb5 Qd5 7. Qe2 Bd7 8.
fxe4 Nxe4 9. Bc4 Qa5 10. c3 Nxd2 11. Bxd2 Be7 12. Nf3 O-O 13. O-O Qh5 14. Rae1
Rae8 15. b4 Bd6 16. Qd1 Ne7 17. Be2 Qd5 18. c4 Qe4 19. c5 Bf4 20. Bb5 Qd5 21.
Bd3 Bxd2 22. Qxd2 a6 23. Qc2 h6 24. a4 Nc6 25. Qc3 Qh5 26. b5 axb5 27. axb5 Ne7
28. Ne5 Nd5 29. Qd2 Rd8 30. Qf2 Be8 31. Re4 Qg5 32. h4 Qe7 33. g4 Nc3 34. Rf4
f6 35. g5 hxg5 36. hxg5 f5 37. Qh4 Ra8 38. Qg3 g6 39. Rc1 Nd5 40. Rh4 Kg7 41.
c6 bxc6 42. Nxc6 Bxc6 43. Qe5+ Nf6 44. Rxc6 Ra1+ 45. Kg2 Qa3 46. Rxc7+ Kg8 47.
Qxe6+ 1-0

[Event "?"]
[Site "?"]
[Date "????.??.??"]
[Round "?"]
[White "Nordenstrom, S."]
[Black "Andreas, G."]
[Result "1/2-1/2"]
[WhiteElo "1929"]
[BlackElo "2000"]
[PlyCount "89"]
[EventDate "2013.??.??"]
[WhiteTeam "Schweden 4"]
[BlackTeam "Ottonen Magdeburg"]

1. d4 Nf6 2. c4 g6 3. Nf3 Bg7 4. Nc3 d5 5. e3 O-O 6. cxd5 Nxd5 7. Be2 c5 8. O-O
cxd4 9. exd4 Nc6 10. Nxd5 Qxd5 11. Be3 Rd8 12. Qb3 Qxb3 13. axb3 Bxd4 14. Nxd4
Nxd4 15. Bc4 b5 16. Bxd4 bxc4 17. Bxa7 cxb3 18. Be3 Ra2 19. Rad1 Rd7 20. Rxd7
Bxd7 21. Bd4 f6 22. f3 e5 23. Bc3 Kf7 24. Kf2 Ra4 25. Ke3 Bf5 26. Kd2 Ke6 27.
Re1 Kd5 28. g4 Bc2 29. g5 fxg5 30. Rxe5+ Kd6 31. Rxg5 Bf5 32. Rg2 Ra1 33. Re2
Rf1 34. Ke3 Rc1 35. Kd4 Rf1 36. Ke3 Kc5 37. Rd2 Rc1 38. Be5 Re1+ 39. Re2 Rc1
40. Rd2 Kc4 41. Rd4+ Kc5 42. Rd2 Re1+ 43. Re2 Rxe2+ 44. Kxe2 Kd5 45. Bc3
1/2-1/2

[Event "?"]
[Site "?"]
[Date "????.??.??"]
[Round "?"]
[White "Graßmann, H."]
[Black "Nyberg, B."]
[Result "1/2-1/2"]
[WhiteElo "1941"]
[BlackElo "1856"]
[PlyCount "92"]
[EventDate "2013.??.??"]
[WhiteTeam "Ottonen Magdeburg"]
[BlackTeam "Schweden 4"]

1. d4 e6 2. c4 d5 3. Nc3 f5 4. Nf3 Nf6 5. Bg5 Be7 6. e3 O-O 7. Be2 c6 8. O-O
Nbd7 9. c5 Ne4 10. Bxe7 Qxe7 11. Qc2 e5 12. b4 exd4 13. Nxd4 Ndf6 14. Rfe1 Bd7
15. a3 Rae8 16. Bf3 Nxc3 17. Qxc3 Ne4 18. Qc2 Qh4 19. g3 Qh6 20. Ne2 g5 21. Bg2
Nf6 22. Nd4 Ng4 23. Nf3 Rf7 24. Qc3 Rfe7 25. h3 Ne5 26. Nxe5 Rxe5 27. Qd2 Qe6
28. Kf1 Qf6 29. Rad1 Kg7 30. Qd4 Kg6 31. Qd3 Kg7 32. Qd4 f4 33. gxf4 gxf4 34.
Qxf4 Qxf4 35. exf4 Rxe1+ 36. Rxe1 Rxe1+ 37. Kxe1 Kf6 38. Ke2 Bf5 39. Ke3 h5 40.
h4 Bg4 41. Bf1 a6 42. Bd3 Ke6 43. Bg6 Kf6 44. Bd3 Ke6 45. Kd4 Kf6 46. Ke3 Ke6
1/2-1/2

[Event "?"]
[Site "?"]
[Date "????.??.??"]
[Round "?"]
[White "Van Geffen, B."]
[Black "Bußler, J."]
[Result "1-0"]
[WhiteElo "2096"]
[BlackElo "2024"]
[PlyCount "75"]
[EventDate "2013.??.??"]
[WhiteTeam "Niederlande"]
[BlackTeam "SV Bannewitz"]

1. e4 d5 2. exd5 Qxd5 3. Nf3 Bg4 4. Be2 Nf6 5. d4 e6 6. O-O Be7 7. h3 Bh5 8.
Bf4 c6 9. c4 Qd8 10. Nc3 O-O 11. Re1 Nbd7 12. d5 exd5 13. cxd5 cxd5 14. Nxd5
Nxd5 15. Qxd5 Bg6 16. Bb5 Nc5 17. Qxd8 Bxd8 18. Bd6 Bb6 19. Bxf8 Kxf8 20. Ne5
Bf5 21. Nc4 Bc7 22. Ne3 Be6 23. Rac1 Bd6 24. Red1 Be7 25. Bc4 Bxc4 26. Rxc4 b6
27. b4 Ne6 28. a3 b5 29. Rc6 a5 30. Rdc1 Rd8 31. bxa5 Nd4 32. a6 Ne2+ 33. Kf1
Nxc1 34. Rxc1 Bxa3 35. Rc7 Bd6 36. Rb7 Ra8 37. a7 g6 38. Nd5 1-0

[Event "?"]
[Site "?"]
[Date "????.??.??"]
[Round "?"]
[White "Schmidt, G."]
[Black "Holscher, P."]
[Result "1/2-1/2"]
[WhiteElo "2093"]
[BlackElo "2085"]
[PlyCount "98"]
[EventDate "2013.??.??"]
[WhiteTeam "SV Bannewitz"]
[BlackTeam "Niederlande"]

1. e4 e6 2. d4 d5 3. Nc3 Bb4 4. Nge2 dxe4 5. a3 Be7 6. Nxe4 Nf6 7. N2g3 Nbd7 8.
Bd3 b6 9. Qf3 Rb8 10. Nxf6+ Bxf6 11. c3 Bb7 12. Be4 Qc8 13. Bxb7 Qxb7 14. Qxb7
Rxb7 15. Be3 O-O 16. O-O-O c6 17. Ne4 Be7 18. Bf4 Nf6 19. Nxf6+ Bxf6 20. Rhe1
Rd7 21. Kc2 Rfd8 22. g4 Rd5 23. Be5 Bh4 24. Bg3 Bxg3 25. hxg3 h6 26. Re5 Kh7
27. Rde1 Kg6 28. R1e4 Kf6 29. Rf4+ Ke7 30. Rff5 R5d6 31. Re2 g6 32. Rfe5 Rh8
33. Re1 Kf6 34. Rh1 Kg7 35. Rhe1 Rd5 36. Kd3 h5 37. gxh5 Rxh5 38. c4 Rdxe5 39.
Rxe5 Rh1 40. Re2 Kf6 41. Ke4 Rc1 42. b3 Rb1 43. Re3 Rb2 44. Rf3+ Ke7 45. d5 f5+
46. Ke5 exd5 47. cxd5 cxd5 48. Kxd5 Rd2+ 49. Kc6 Rd6+ 1/2-1/2